Malaysia Cities Map Quiz - Statistics

General Stats
  • This quiz has been taken 665 times
  • The average score is 8 of 10
Answers on the Map
Answers color-coded by a green-red scale on the quiz's map according to % correct below.
 
Answer Stats
Answer % Correct
Johor Bahru
89%
George Town
86%
Kuala Lumpur
85%
Malacca City
81%
Kuching
74%
Kuala Terengganu
73%
Kota Kinabalu
70%
Putrajaya
67%
Bandar Labuan
66%
Tawau
66%
No matching quizzes found
Score Distribution
Percent of People with Each Score
Percentile by Number Answered
Your Score History
You have not taken this quiz